000 01091nam0a22002891 4500
001 rc\4009811
005 20130415125706.9
021 _aRU
_b[49-28676]
035 _a(NLR Aleph) 008078811
090 _a9110196
_c9110196
100 _a20130415d1949 |||y0rusy50 ca
101 1 _arus
_ceng
102 _aRU
105 _aa z |||||
200 1 _aИз американских заметок
_fПер. с англ. Т. Кудрявцевой
_g[Ил.: В.Н. Минаев]
210 _aМосква
_cГослитиздат
_d1949
_gтип. "Кр. пролетарий"
_g6-я тип. Главполиграфиздата
215 _a144 с., 2 л. ил.
_d20
300 _aПеред загл. авт.: Чарльз Диккенс
607 _aСША
_z19 в.
_jОчерки
_2psbo
700 1 _aДиккенс
_bЧ.
_f1812-1870
_gЧарлз
702 1 _aКудрявцева
_bТ.
_4730
702 1 _aМинаев
_bВ. Н.
_gВладимир Николаевич
_4440
801 0 _aRU
_bNLR
_gpsbo
801 1 _aRU
_bELAR
_2rusmarc
852 _aNLR
_jЛ60 Г-3/144
942 _cBOOK
980 _aNB